000 00918njm a22002657a 4500
005 20100913100347.0
007 sd ammalaaahaa
008 100913t xxu||||| |||| 00| 0 hin d
028 _a2392 970
_bMusic India
035 _aGR-03628
040 _aSED/VEN
100 _919606
245 _aR. K.'S Film hits Part 1 & 2 /
_h[sound recording] :
_cmusic by Shankar Jaikishan
246 _a
260 _aDum Dum, India
_bMusic India
_c1981
300 _a1 sound disc [Gramophone record] :
_banalog, 33.1/3 rpm
_c12 in. (LP)
_fGramophone record
500 _aBrief record.
500 _aMusic India
500 _aOrange
505 _aPart.1 Nanhe munhe bachche (Boot Polish), Part 2 Mud mud ke na dekh (Shree 420)
650 _xExcerpts
_zIndia
_919607
_vFilmi song
_aInstrumental music
700 _920331
942 _2ddc
_cGR
999 _c46961
_d46961